Countries Beginning With Vowels - Statistics

General Stats
  • This quiz has been taken 343 times
    341 since last reset
  • The average score is 30 of 37
Answer Stats
Hint Answer % Correct
South America Uruguay
93%
South America Argentina
92%
Oceania Australia
91%
Asia Oman
91%
Europe United Kingdom
90%
Europe Albania
89%
North America United States
89%
Europe Andorra
88%
Africa Algeria
87%
Asia India
87%
Europe Ireland
87%
Africa Angola
85%
South America Ecuador
85%
North America Antigua and Barbuda
84%
Asia Armenia
84%
Europe Estonia
84%
Africa Ethiopia
84%
Europe Iceland
84%
Asia Afghanistan
83%
Asia Azerbaijan
83%
Asia Indonesia
83%
Europe Austria
82%
Africa Eritrea
82%
Africa Uganda
81%
Asia Iraq
80%
Asia Uzbekistan
80%
Asia Iran
79%
Asia Israel
79%
Europe Italy
77%
Europe Ukraine
77%
Asia United Arab Emirates
77%
Africa Egypt
76%
Africa Eswatini
75%
North America El Salvador
74%
Africa Equatorial Guinea
67%
Asia East Timor
63%
Africa Ivory Coast
58%
No matching quizzes found
Score Distribution
Percent of People with Each Score
Percentile by Number Answered
Your Score History
You have not taken this quiz since the last reset